The Egyptian : (Record no. 26747)
[ view plain ]
| 000 -LEADER | |
|---|---|
| fixed length control field | 01591cam a22004095a 4500 |
| 001 - CONTROL NUMBER | |
| control field | 12720756 |
| 003 - CONTROL NUMBER IDENTIFIER | |
| control field | EG-ScBUE |
| 005 - DATE AND TIME OF LATEST TRANSACTION | |
| control field | 20220315100003.0 |
| 008 - FIXED-LENGTH DATA ELEMENTS--GENERAL INFORMATION | |
| fixed length control field | 020327t2002 ilub f 000 f eng d |
| 020 ## - INTERNATIONAL STANDARD BOOK NUMBER | |
| International Standard Book Number | 1556524412 (pbk.) |
| 020 ## - INTERNATIONAL STANDARD BOOK NUMBER | |
| International Standard Book Number | 9781556524417 |
| 040 ## - CATALOGING SOURCE | |
| Original cataloging agency | DLC |
| Language of cataloging | eng |
| Description conventions | rda |
| Transcribing agency | DLC |
| Modifying agency | DLC |
| -- | EG-ScBUE |
| 041 1# - LANGUAGE CODE | |
| Language code of text/sound track or separate title | eng |
| Language code of original and/or intermediate translations of text | fin |
| 082 04 - DEWEY DECIMAL CLASSIFICATION NUMBER | |
| Classification number | 894.5413 |
| Item number | WAL |
| Edition number | 22 |
| 100 1# - MAIN ENTRY--PERSONAL NAME | |
| Personal name | Waltari, Mika, |
| Dates associated with a name | 1908- |
| Relator term | author. |
| 245 14 - TITLE STATEMENT | |
| Title | The Egyptian : |
| Remainder of title | a novel / |
| Statement of responsibility, etc | Mika Waltari ; translated by Naomi Walford ; foreword by Lynda S. Robinson. |
| 250 ## - EDITION STATEMENT | |
| Edition statement | Reprinted edition. |
| 264 #1 - PUBLICATION, DISTRIBUTION, ETC. (IMPRINT) | |
| Place of publication, distribution, etc | Chicago, Illinois : |
| Name of publisher, distributor, etc | Chicago Review Press, |
| Date of publication, distribution, etc | [2002] |
| 264 #4 - PUBLICATION, DISTRIBUTION, ETC. (IMPRINT) | |
| Date of publication, distribution, etc | c2002 |
| 300 ## - PHYSICAL DESCRIPTION | |
| Extent | v, 503 pages : |
| Other physical details | maps ; |
| Dimensions | 20 cm |
| 336 ## - CONTENT TYPE | |
| Source | rdacontent |
| Content type term | text |
| Content type code | txt |
| 337 ## - MEDIA TYPE | |
| Source | rdamedia |
| Media type term | unmediated |
| Media type code | n |
| 338 ## - CARRIER TYPE | |
| Source | rdacarrier |
| Carrier type term | volume |
| Carrier type code | nc |
| 500 ## - GENERAL NOTE | |
| General note | Originally published: New York : G.P. Putnam's Sons, c1949. |
| 546 ## - LANGUAGE NOTE | |
| Language note | Text in English ; translation from original Finnish. |
| 600 07 - SUBJECT ADDED ENTRY--PERSONAL NAME | |
| Personal name | Akhenaton, |
| Titles and other words associated with a name | King of Egypt |
| Form subdivision | Fiction. |
| Source of heading or term | BUEsh |
| 650 ## - SUBJECT ADDED ENTRY--TOPICAL TERM | |
| Source of heading or term | BUEsh |
| 651 #7 - SUBJECT ADDED ENTRY--GEOGRAPHIC NAME | |
| Geographic name | Egypt |
| General subdivision | Civilization |
| Chronological subdivision | To 332 B.C. |
| Form subdivision | Fiction. |
| Source of heading or term | BUEsh |
| 653 ## - INDEX TERM--UNCONTROLLED | |
| Resource For college | Humanities: English |
| -- | Generalities |
| Arrived date list | May2018 |
| 655 ## - INDEX TERM--GENRE/FORM | |
| Form subdivision | Reading book |
| 9 (RLIN) | 34232 |
| 700 1# - ADDED ENTRY--PERSONAL NAME | |
| Personal name | Walford, Naomi, |
| Relator term | translator. |
| 700 1# - ADDED ENTRY--PERSONAL NAME | |
| Personal name | Robinson, Lynda S., |
| Relator term | author of introduction, etc. |
| 856 42 - ELECTRONIC LOCATION AND ACCESS | |
| Materials specified | Contributor biographical information |
| Uniform Resource Identifier | <a href="http://www.loc.gov/catdir/enhancements/fy0613/2002025932-b.html">http://www.loc.gov/catdir/enhancements/fy0613/2002025932-b.html</a> |
| 856 42 - ELECTRONIC LOCATION AND ACCESS | |
| Materials specified | Publisher description |
| Uniform Resource Identifier | <a href="http://www.loc.gov/catdir/enhancements/fy0613/2002025932-d.html">http://www.loc.gov/catdir/enhancements/fy0613/2002025932-d.html</a> |
| 942 ## - ADDED ENTRY ELEMENTS (KOHA) | |
| Source of classification or shelving scheme | Dewey Decimal Classification |
| Koha item type | Book - Borrowing |
| Withdrawn status | Lost status | Source of classification or shelving scheme | Damaged status | Not for loan | Collection code | Home library | Current library | Shelving location | Date acquired | Source of acquisition | Total Checkouts | Full call number | Barcode | Date last seen | Price effective from | Koha item type |
|---|---|---|---|---|---|---|---|---|---|---|---|---|---|---|---|---|
| Dewey Decimal Classification | Donation-Gift | Central Library | Central Library | Ground Floor | 17/05/2018 | Donation | 894.5413 WAL | 000043417 | 15/07/2025 | 17/05/2018 | Book - Borrowing |